000 00368 a2200097 4500
245 0 0 _aLampy elektronowe małej mocy - Metoda pomiaru oporu zastępczego szumów lamp siatkowych PN-66/T-04807 /
_cMin. Przem. Ciężkiego.
246 1 3 _aPN-66/T-04807
246 1 3 _a621.385:621.391.82.08
260 _aWarszawa :
_bMin. Przem. Ciężkiego,
_c1966.
300 _a2 stron ;
_c30 cm.
650 _aPolska norma
999 _c21000
_d21000